000
00304nam a22001337a 4500
020
_a
978-0-349-11874-1
082
_a
900
_b
LUC/I
100
_a
LUCE, EDWARD
245
_a
IN SPITE OF THE GODS
260
_a
GREAT BRITAIN
_b
ABACUS
_c
2006
300
_a
399
650
_a
HISTORY REFERENCE
_z
INDIA
942
_c
BK
999
_c
1610
_d
1610